<?xml version="1.0" encoding="UTF-8"?>
<record
    xmlns:xsi="http://www.w3.org/2001/XMLSchema-instance"
    xsi:schemaLocation="http://www.loc.gov/MARC21/slim http://www.loc.gov/standards/marcxml/schema/MARC21slim.xsd"
    xmlns="http://www.loc.gov/MARC21/slim">

  <leader>02329nam a2200325 i 4500</leader>
  <controlfield tag="001">000017903</controlfield>
  <controlfield tag="003">DO-SdBNP</controlfield>
  <controlfield tag="005">20240515144325.0</controlfield>
  <controlfield tag="007">ta</controlfield>
  <controlfield tag="008">100407s2003    dr ac         000 0 spa d</controlfield>
  <datafield tag="040" ind1=" " ind2=" ">
    <subfield code="a">DO-SdBNP</subfield>
    <subfield code="b">spa</subfield>
    <subfield code="c">BNPHU</subfield>
    <subfield code="e">rda</subfield>
  </datafield>
  <datafield tag="049" ind1=" " ind2=" ">
    <subfield code="a">BNPD</subfield>
  </datafield>
  <datafield tag="082" ind1=" " ind2="4">
    <subfield code="a">972.9353</subfield>
    <subfield code="b">R696g</subfield>
    <subfield code="2">22</subfield>
  </datafield>
  <datafield tag="100" ind1="1" ind2=" ">
    <subfield code="a">Rodr&#xED;guez, Carlos Rafael,</subfield>
    <subfield code="9">4680</subfield>
    <subfield code="e">autor</subfield>
  </datafield>
  <datafield tag="245" ind1="1" ind2="0">
    <subfield code="a">Guaraguan&#xF3; :</subfield>
    <subfield code="b">resumen hist&#xF3;rico del municipio de Monci&#xF3;n /</subfield>
    <subfield code="c">Carlos Rafael Rodr&#xED;guez ; pr&#xF3;logo, Galindo Mart&#xED;nez.</subfield>
  </datafield>
  <datafield tag="264" ind1=" " ind2=" ">
    <subfield code="a">Santo Domingo :</subfield>
    <subfield code="b">Centenario,</subfield>
    <subfield code="c">2003.</subfield>
  </datafield>
  <datafield tag="300" ind1=" " ind2=" ">
    <subfield code="a">298 p&#xE1;ginas :</subfield>
    <subfield code="b">ilustraciones y retratos ;</subfield>
    <subfield code="c">22 cm.</subfield>
  </datafield>
  <datafield tag="336" ind1=" " ind2=" ">
    <subfield code="2">rdacontent</subfield>
    <subfield code="a">texto</subfield>
    <subfield code="b">txt</subfield>
  </datafield>
  <datafield tag="337" ind1=" " ind2=" ">
    <subfield code="2">rdamedia</subfield>
    <subfield code="a">sin mediaci&#xF3;n</subfield>
    <subfield code="b">n</subfield>
  </datafield>
  <datafield tag="338" ind1=" " ind2=" ">
    <subfield code="2">rdacarrier</subfield>
    <subfield code="a">volumen</subfield>
    <subfield code="b">nc</subfield>
  </datafield>
  <datafield tag="505" ind1="0" ind2=" ">
    <subfield code="a">Pr&#xF3;logo --</subfield>
    <subfield code="t">Introducci&#xF3;n --</subfield>
    <subfield code="t">Divisi&#xF3;n pol&#xED;tica de la isla --</subfield>
    <subfield code="t">Origen de Guaraguan&#xF3; --</subfield>
    <subfield code="t">La mata de Guaraguan&#xF3; --</subfield>
    <subfield code="t">Sitio catastral de Guaraguan&#xF3; --</subfield>
    <subfield code="t">Fundaci&#xF3;n : primeros habitantes --</subfield>
    <subfield code="t">Formaci&#xF3;n del poblado de Guaraguan&#xF3; --</subfield>
    <subfield code="t">Secci&#xF3;n de Guaraguan&#xF3; --</subfield>
    <subfield code="t">Episodios de la Restauraci&#xF3;n --</subfield>
    <subfield code="t">Puesto cantoral de Guaraguan&#xF3; --</subfield>
    <subfield code="t">Cambio de nombre. Puesto cantoral de Monci&#xF3;n --</subfield>
    <subfield code="t">Puesto militar/Puesto cantoral --</subfield>
    <subfield code="t">Municipio de Monci&#xF3;n --</subfield>
    <subfield code="t">Creencias sobrenaturales y religiosas --</subfield>
    <subfield code="t">Carlos de Vargas --</subfield>
    <subfield code="t">Estudios geol&#xF3;gicos --</subfield>
    <subfield code="t">Centro de minas --</subfield>
    <subfield code="t">Personalidades --</subfield>
    <subfield code="t">Primera iglesia --</subfield>
    <subfield code="t">Las fiestas patronales de San Antonio --</subfield>
    <subfield code="t">Partidos pol&#xED;ticos --</subfield>
    <subfield code="t">Visitantes distinguidos --</subfield>
    <subfield code="t">El club recreativo Guaraguan&#xF3; --</subfield>
    <subfield code="t">Desarrollo cultural --</subfield>
    <subfield code="t">Indice de leyes y decretos sobre el municipio de Monci&#xF3;n --</subfield>
    <subfield code="t">Presa de Monci&#xF3;n --</subfield>
    <subfield code="t">El Plan Sierra --</subfield>
    <subfield code="t">Deportes --</subfield>
    <subfield code="t">Cooperativa de Ahorros y Pr&#xE9;stamos Mamoncito --</subfield>
    <subfield code="t">Atractivos naturales --</subfield>
    <subfield code="t">Complejo agroindustrial/Federaci&#xF3;n Campesina Guaraguan&#xF3; --</subfield>
    <subfield code="t">Militares y polic&#xED;as --</subfield>
    <subfield code="t">Primera carretera --</subfield>
    <subfield code="t">Telecomunicaciones --</subfield>
    <subfield code="t">Primer acueducto --</subfield>
    <subfield code="t">Primer hospital --</subfield>
    <subfield code="t">Alumbrado el&#xE9;ctrico .</subfield>
  </datafield>
  <datafield tag="590" ind1=" " ind2=" ">
    <subfield code="a">Inventariado, 2024/BT</subfield>
  </datafield>
  <datafield tag="650" ind1=" " ind2="4">
    <subfield code="a">Ciudades y pueblos</subfield>
    <subfield code="z">Monci&#xF3;n (Rep&#xFA;blica Dominicana : Municipio)</subfield>
    <subfield code="9">784</subfield>
  </datafield>
  <datafield tag="651" ind1=" " ind2="4">
    <subfield code="a">Monci&#xF3;n (Rep&#xFA;blica Dominicana : Municipio)</subfield>
    <subfield code="9">78533</subfield>
  </datafield>
  <datafield tag="651" ind1=" " ind2="4">
    <subfield code="a">Monci&#xF3;n (Rep&#xFA;blica Dominicana : Municipio)</subfield>
    <subfield code="9">78533</subfield>
  </datafield>
  <datafield tag="651" ind1=" " ind2="4">
    <subfield code="a">Monci&#xF3;n (Rep&#xFA;blica Dominicana : Municipio)</subfield>
    <subfield code="9">78533</subfield>
  </datafield>
  <datafield tag="700" ind1="1" ind2=" ">
    <subfield code="a">Mart&#xED;nez, Galindo,</subfield>
    <subfield code="e">pr&#xF3;logo</subfield>
    <subfield code="9">38849</subfield>
  </datafield>
  <datafield tag="910" ind1=" " ind2=" ">
    <subfield code="a">Validado. Control de calidad. MFF</subfield>
  </datafield>
  <datafield tag="942" ind1=" " ind2=" ">
    <subfield code="2">ddc</subfield>
    <subfield code="c">LBS1</subfield>
  </datafield>
  <datafield tag="952" ind1=" " ind2=" ">
    <subfield code="0">0</subfield>
    <subfield code="1">0</subfield>
    <subfield code="2">ddc</subfield>
    <subfield code="5">6</subfield>
    <subfield code="7">0</subfield>
    <subfield code="8">DS</subfield>
    <subfield code="a">BNPHU</subfield>
    <subfield code="b">BNPHU</subfield>
    <subfield code="c">HD</subfield>
    <subfield code="d">2010-04-07</subfield>
    <subfield code="l">0</subfield>
    <subfield code="o">BNPHU DS 972.9353 R696g</subfield>
    <subfield code="p">17903-30</subfield>
    <subfield code="r">2020-06-25</subfield>
    <subfield code="t">e. 3</subfield>
    <subfield code="w">2020-06-25</subfield>
    <subfield code="y">LBS1</subfield>
    <subfield code="Z">Pr&#xE9;stamo en sala</subfield>
  </datafield>
  <datafield tag="952" ind1=" " ind2=" ">
    <subfield code="0">0</subfield>
    <subfield code="1">0</subfield>
    <subfield code="2">ddc</subfield>
    <subfield code="5">1</subfield>
    <subfield code="7">0</subfield>
    <subfield code="8">PD</subfield>
    <subfield code="a">BNPHU</subfield>
    <subfield code="b">BNPHU</subfield>
    <subfield code="c">HD</subfield>
    <subfield code="d">2010-04-07</subfield>
    <subfield code="l">0</subfield>
    <subfield code="o">BNPHU PD 972.9353 R696g</subfield>
    <subfield code="p">17903-10</subfield>
    <subfield code="r">2020-06-25</subfield>
    <subfield code="w">2020-06-25</subfield>
    <subfield code="y">LBS1</subfield>
    <subfield code="Z">No se presta</subfield>
  </datafield>
  <datafield tag="952" ind1=" " ind2=" ">
    <subfield code="0">0</subfield>
    <subfield code="1">0</subfield>
    <subfield code="2">ddc</subfield>
    <subfield code="5">1</subfield>
    <subfield code="7">0</subfield>
    <subfield code="8">PD</subfield>
    <subfield code="a">BNPHU</subfield>
    <subfield code="b">BNPHU</subfield>
    <subfield code="c">HD</subfield>
    <subfield code="d">2010-04-07</subfield>
    <subfield code="l">0</subfield>
    <subfield code="o">BNPHU PD 972.9353 R696g</subfield>
    <subfield code="p">17903-20</subfield>
    <subfield code="r">2020-06-25</subfield>
    <subfield code="t">e. 2</subfield>
    <subfield code="w">2020-06-25</subfield>
    <subfield code="y">LBS1</subfield>
    <subfield code="Z">No se presta</subfield>
  </datafield>
  <datafield tag="952" ind1=" " ind2=" ">
    <subfield code="0">0</subfield>
    <subfield code="1">0</subfield>
    <subfield code="2">ddc</subfield>
    <subfield code="5">6</subfield>
    <subfield code="7">0</subfield>
    <subfield code="8">DS</subfield>
    <subfield code="a">BNPHU</subfield>
    <subfield code="b">BNPHU</subfield>
    <subfield code="c">HD</subfield>
    <subfield code="d">2024-05-15</subfield>
    <subfield code="e">Donaci&#xF3;n</subfield>
    <subfield code="l">0</subfield>
    <subfield code="o">BNPHU DS 972.9353 R696g</subfield>
    <subfield code="p">2024-2983</subfield>
    <subfield code="r">2024-05-15</subfield>
    <subfield code="t">e.4</subfield>
    <subfield code="w">2024-05-15</subfield>
    <subfield code="y">LBS1</subfield>
    <subfield code="z">Perteneci&#xF3; a la biblioteca personal de Emilio Cordero Michel.</subfield>
  </datafield>
  <datafield tag="999" ind1=" " ind2=" ">
    <subfield code="c">17427</subfield>
    <subfield code="d">17427</subfield>
  </datafield>
</record>
